Manual de nutrición : conceptos básicos

Guardado en:
Formato: Libro
Publicado: Buenos Aires : Ministerio de Asuntos Agrarios, 2011
Materias:
Etiquetas: Agregar Etiqueta
Sin Etiquetas, Sea el primero en etiquetar este registro!
LEADER 00713nam a22002055a 4500
001 CEM.cems018123
005 20131031085557.0
008 130507s2011##################000#0#####d
003 CEMS
082 0 4 |a FC636.085 
245 0 0 |a Manual de nutrición :  |b conceptos básicos 
260 |a Buenos Aires :  |b Ministerio de Asuntos Agrarios,  |c 2011 
300 |a 24 p. 
505 0 |a Anatomía y fisiología de la vaca -- Nutrición animal -- Microscopía de granos -- Fisiología digestiva -- Molienda 
653 |a Nutrición 
653 |a Fuentes nutricionales 
653 |a Ración 
653 |a Cereales-microscopía de 
653 |a Forraje-valor nutritivo 
859 |a CEMS  |b BIB. CEMS - Agricultura  |h FC636.085  |i B862  |p A0069.44  |t Ej.1